Complete Game of Thrones Houses - Statistics

General Stats
  • This quiz has been taken 209 times
  • The average score is 33 of 96
Answer Stats
Hint Answer % Correct
The North Great House House Stark
99%
The Westerlands Great House House Lannister
95%
The Riverlands Great House House Tully
93%
The Stormlands Great House House Baratheon
91%
The North Vassal House House Bolton
89%
The Iron Islands Great House House Greyjoy
89%
The North Vassal House House Karstark
89%
Dorne Great House House Martell
88%
The Reach Great House House Tyrell
88%
The Vale Great House House Arryn
87%
The Riverlands Vassal House House Frey
87%
The Crownlands Great House (formerly) House Targaryen
87%
The North Vassal House House Umber
84%
The North Vassal House House Mormont
83%
The Reach Vassal House House Tarly
77%
The Westerlands Vassal House House Clegane
70%
The North Vassal House House Manderly
64%
The North Vassal House House Reed
64%
The Reach Vassal House House Hightower
63%
The Vale Vassal House House Royce
63%
The Stormlands Vassal House House Tarth
61%
Dorne Vassal House House Dayne
60%
The North Vassal House House Glover
59%
The Stormlands Vassal House House Selmy
51%
The Reach Vassal House House Florent
49%
The Riverlands Vassal House House Blackwood
47%
The Riverlands Vassal House House Bracken
47%
The Reach Vassal House House Redwyne
46%
The North Vassal House House Cerwyn
45%
The Stormlands Vassal House House Dondarrion
45%
The Stormlands Vassal House House Trant
41%
The Westerlands Vassal House House Westerling
41%
The Riverlands Vassal House House Mallister
39%
The Crownlands Vassal House House Slynt
38%
The North Vassal House House Hornwood
34%
Dorne Vassal House House Yronwood
34%
The North Vassal House House Dustin
32%
The Crownlands Vassal House House Thorne
32%
The Crownlands Vassal House House Stokeworth
30%
The Riverlands Vassal House House Whent
30%
The Iron Islands Vassal House House Harlaw
29%
The North Vassal House House Tallhart
28%
The Riverlands Vassal House House Darry
26%
The Reach Vassal House House Fossoway
25%
The Stormlands Vassal House House Connington
24%
The Vale Vassal House House Corbray
24%
The Riverlands Vassal House House Mooton
24%
The Reach Vassal House House Oakheart
24%
The Crownlands Vassal House House Rosby
24%
The Westerlands Vassal House House Crakehall
22%
The Westerlands Vassal House House Marbrand
22%
The Iron Islands Vassal House House Goodbrother
21%
The Stormlands Vassal House House Swann
21%
Dorne Vassal House House Uller
21%
The Crownlands Vassal House House Blount
20%
The Stormlands Vassal House House Estermont
20%
The North Vassal House House Ryswell
20%
The Iron Islands Vassal House House Botley
18%
The Vale Vassal House House Egen
18%
The Westerlands Vassal House House Swyft
18%
The Vale Vassal House House Waynwood
18%
The Reach Vassal House House Merryweather
17%
Dorne Vassal House House Allyrion
16%
Dorne Vassal House House Blackmont
16%
The Iron Islands Vassal House House Blacktyde
16%
Dorne Vassal House House Jordayne
16%
Dorne Vassal House House Qorgyle
16%
The Iron Islands Vassal House House Drumm
15%
The Vale Vassal House House Hunter
14%
The Westerlands Vassal House House Lefford
14%
Dorne Vassal House House Manwoody
14%
The Riverlands Vassal House House Smallwood
14%
Dorne Vassal House House Dalt
13%
The Reach Vassal House House Rowan
13%
The Crownlands Vassal House House Rykker
13%
Dorne Vassal House House Santagar
13%
The Stormlands Vassal House House Caron
12%
The Stormlands Vassal House House Wylde
10%
The Crownlands Vassal House House Brune
9%
Dorne Vassal House House Gargalen
9%
The Iron Islands Vassal House House Merlyn
9%
The Westerlands Vassal House House Serret
9%
The Stormlands Vassal House House Errol
8%
The Vale Vassal House House Templeton
8%
The Crownlands Vassal House House Gaunt
7%
The Stormlands Vassal House House Grandison
7%
The Vale Vassal House House Lynderly
6%
The Stormlands Vassal House House Morrigen
6%
The Westerlands Vassal House House Sarsfield
6%
The Iron Islands Vassal House House Sparr
6%
The Crownlands Vassal House House Chelsted
5%
The Iron Islands Vassal House House Humble
5%
The North Vassal House House Mazin
5%
The Stormlands Vassal House House Musgood
5%
The Stormlands Vassal House House Peasebury
5%
The North Vassal House House Dormund
3%
No matching quizzes found
Score Distribution
Percent of People with Each Score
Percentile by Number Answered
Your Score History
You have not taken this quiz